00772cam a2200217 a 450000100100000000500170001000800410002702000150006804000250008308200190010810000340012724500660016126000400022730000210026744000210028850000210030950000610033065000260039195201220041799900150053900000310220200929150329.0900425s2001 mx 001 f spa  a9681908724 aDO-SdBNPbspacBNPHU aM863.44bF954c1 aFuentes, Carlos,d1928-9977410aConstancia y otras novelas para vírgenes /cCarlos Fuentes. aMéxico D. F. :bAlfaguara,c2001. a448 p. ;c22 cm. 0aBiblioteca91648 aIncluye índice aIncluye lista de obras en la solapa de la contracubierta 4aNovela mexicana93959 001052708MOaGRbGRcHDd2009-07-06iLF1l0oM863.44 F954cp3102-10r2020-06-25w2020-06-25y2ZPréstamo interno c2933d2933